01226cam a2200301 a 450000100100000000500170001000800410002702000150006804000230008304100130010608200170011910000290013624000330016524501170019826000370031530000210035250400420037350000210041553401130043665000350054965000650058465000310064965000460068070000290072691000340075595201200078999900150090900000284420200929150253.0811203s1981 ag b 001 0 spa  a9509097403 aDO-SdBNPcDLCdDLC17aespheng a813.54bG1741 aGalloway, David D.9899913aEl heroe absurdo.lEspañol13aEl heroe absurdo :ben la obra de Updike, Styron, Bellow, Salinger /cDavid Galloway; traducción, Anibal Leal. aBuenos Aires :bFraterna,c1981. a265 p. ;c20 cm. aIncluye bibliografía: p. [239]-258. aIncluye índice aTítulo original :tThe absurd hero in American fiction : in the works of Updike, Styron, Bellow, Salinger. 4aLiteratura estadounidense9263 4aFicción de américaySIGLO XXxHistoria y crítica99000 4aHeroes en literatura99001 4aAbsurdo (filosofía) en literatura990021 aLeal, Anibal,etr.94573 aCatalogación por copia / LC 001052708MOaGRbGRcCTd2009-07-03iLF1l0o813.54 G174p2844-10r2020-06-25w2020-06-25y2ZPréstamo interno c2678d2678